Barcelona provincial council : about us about us
Descripción Física:
1 f. plegat ; 21 cm
MARC
| LEADER | 00000nam a2200000Ia 4500 | ||
|---|---|---|---|
| 001 | 19963 | ||
| 008 | 160829s2006 xx 000 0 cat d | ||
| 080 | |a FU-11-20 | ||
| 110 | 1 | |a Barcelona (Catalunya : Província). |b Diputació |9 52408 | |
| 245 | |a Barcelona provincial council : |b about us | ||
| 260 | |a Barcelona : |b la Diputació, |c 2006 | ||
| 300 | |a 1 f. plegat ; |c 21 cm | ||
| 590 | |a Maig 2006. | ||
| 590 | |a Hi ha un altre exemplar en català (R. 19541), castellà (R. 19962) | ||
| 610 | 1 | 0 | |a Barcelona (Catalunya : Província). |b Diputació |9 52408 |
| 901 | |a Arxiu | ||
| 942 | |n 1 | ||
| 952 | |0 0 |1 0 |4 0 |6 FU1120 |7 1 |9 51886 |a Arxiu |b Arxiu |d 2016-12-01 |l 0 |o FU-11-20 |p 19963 |r 2016-12-01 00:00:00 |w 2016-12-01 |y ARXIU | ||
| 999 | |c 55732 |d 55732 | ||